Thơ trạng thái yêu

Guardado en:
Detalles Bibliográficos
Autor principal: Vĩnh Thông
Formato: Libro
Lenguaje:Undetermined
Publicado: Hà Nội Hội nhà văn 2015
Materias:
Etiquetas: Agregar Etiqueta
Sin Etiquetas, Sea el primero en etiquetar este registro!
Thư viện lưu trữ: Trung tâm Học liệu Trường Đại học Cần Thơ
LEADER 00523nam a2200193Ia 4500
001 CTU_236986
008 210402s9999 xx 000 0 und d
020 |c 48000 
082 |a 895.9221 
082 |b V312 
100 |a Vĩnh Thông 
245 0 |a Thơ trạng thái yêu 
245 0 |c Vĩnh Thông 
260 |a Hà Nội 
260 |b Hội nhà văn 
260 |c 2015 
650 |a Thơ Việt Nam,Vietnamese poetry 
910 |a Tuyến 
980 |a Trung tâm Học liệu Trường Đại học Cần Thơ